[Event "San Pedro de la Paz-B"]
[Site "San Pedro de la Paz"]
[Date "2022.03.12"]
[Round "7"]
[White "Cortes Arias, Mariela Natalia"]
[Black "Mundaca Bermedo, Pia Ignacia"]
[Result "1-0"]
[WhiteElo "1824"]
[BlackElo "1515"]
[PlyCount "87"]
[EventDate "2022.03.07"]
[EventType "tourn"]
[EventRounds "9"]
[EventCountry "CHI"]
[SourceTitle "CBM 207 Extra"]
[Source "ChessBase"]
[SourceDate "2022.05.31"]
[SourceVersion "1"]
[SourceVersionDate "2022.05.31"]
[SourceQuality "1"]

1. d4 Nf6 2. Nc3 d5 3. Qd3 g6 4. f3 Bg7 5. Bg5 0-0 6. 0-0-0 c6 7. g4 Nbd7 8. h4 h5 9. gxh5 Nxh5 10. Nh3 b5 11. e3 a5 12. Nf4 Ng3 13. Rg1 Nxf1 14. Rdxf1 b4 15. Nce2 Nf6 16. h5 Bf5 17. Qd2 gxh5 18. Bh6 Ne8 19. Bxg7 Nxg7 20. Nxh5 Bg6 21. Nxg7 Kxg7 22. Nf4 Qd6 23. Rg5 Rh8 24. Nxg6 fxg6 25. Rfg1 Rh6 26. f4 Kf7 27. f5 Rg8 28. Qf2 Ke8 29. Qg3 Qxg3 30. R5xg3 Kf7 31. Kd2 e6 32. fxg6+ Rhxg6 33. Rxg6 Rxg6 34. Rxg6 Kxg6 35. c3 bxc3+ 36. Kxc3 Kf5 37. a4 e5 38. b4 axb4+ 39. Kxb4 exd4 40. exd4 Ke4 41. Kc5 Kd3 42. a5 Kc3 43. a6 Kb3 44. a7 1-0

[Event "San Pedro de la Paz-B"]
[Site "San Pedro de la Paz"]
[Date "2022.03.12"]
[Round "6"]
[White "Mundaca Bermedo, Pia Ignacia"]
[Black "Olave Parra, Hugo"]
[Result "1-0"]
[WhiteElo "1515"]
[BlackElo "1795"]
[PlyCount "63"]
[EventDate "2022.03.07"]
[EventType "tourn"]
[EventRounds "9"]
[EventCountry "CHI"]
[SourceTitle "CBM 207 Extra"]
[Source "ChessBase"]
[SourceDate "2022.05.31"]
[SourceVersion "1"]
[SourceVersionDate "2022.05.31"]
[SourceQuality "1"]

1. e4 Nf6 2. e5 Nd5 3. c4 Nb6 4. d4 d5 5. c5 N6d7 6. Nc3 e6 7. b4 b6 8. Rb1 a5 9. a3 axb4 10. axb4 Be7 11. Bd3 c6 12. Nge2 f6 13. f4 fxe5 14. fxe5 Bh4+ 15. g3 Bg5 16. Bf4 0-0 17. 0-0 Ba6 18. Bxa6 Rxa6 19. Qc1 Bxf4 20. Nxf4 Qe7 21. Qd1 bxc5 22. bxc5 Nxc5 23. dxc5 Qxc5+ 24. Kh1 Qxc3 25. Nxe6 Rc8 26. Qg4 Ra7 27. Nxg7 Rac7 28. Ne6+ Kh8 29. Nxc7 Rg8 30. Qf4 Nd7 31. e6 Rf8 32. exd7 1-0

[Event "Concepcion Henriquez Memorial"]
[Site "Concepcion"]
[Date "2021.10.02"]
[Round "8"]
[White "Mundaca Bermedo, Pia Ignacia"]
[Black "Andrade Jaramillo, Daniel Andres"]
[Result "1-0"]
[WhiteElo "1483"]
[BlackElo "1439"]
[PlyCount "37"]
[EventDate "2021.09.08"]
[EventType "tourn"]
[EventRounds "9"]
[EventCountry "CHI"]
[SourceTitle "EXT 2023"]
[Source "ChessBase"]
[SourceDate "2022.10.05"]
[SourceVersion "1"]
[SourceVersionDate "2022.10.05"]
[SourceQuality "1"]

1. e4 d6 2. d4 Nf6 3. Nc3 g6 4. Nf3 Bg7 5. Bd3 0-0 6. 0-0 a6 7. Qe2 Nbd7 8. e5 dxe5 9. dxe5 Ng4 10. e6 fxe6 11. Qxe6+ Kh8 12. Qxg4 Ne5 13. Qh4 Rxf3 14. Bf4 Nxd3 15. gxf3 Nxb2 16. Ne4 Qf8 17. Rab1 Nc4 18. Rfd1 Na3 19. Ng5 1-0

[Event "Concepcion Henriquez Memorial"]
[Site "Concepcion"]
[Date "2021.09.22"]
[Round "6"]
[White "Mundaca Bermedo, Tomas Joaquin"]
[Black "Mundaca Bermedo, Pia Ignacia"]
[Result "1/2-1/2"]
[WhiteElo "1512"]
[BlackElo "1483"]
[PlyCount "68"]
[EventDate "2021.09.08"]
[EventType "tourn"]
[EventRounds "9"]
[EventCountry "CHI"]
[SourceTitle "EXT 2023"]
[Source "ChessBase"]
[SourceDate "2022.10.05"]
[SourceVersion "1"]
[SourceVersionDate "2022.10.05"]
[SourceQuality "1"]

1. e4 c5 2. Nf3 e6 3. d4 cxd4 4. Nxd4 a6 5. Nc3 d6 6. Bd3 Nc6 7. Nxc6 bxc6 8. 0-0 Bb7 9. Qe2 Nf6 10. e5 dxe5 11. Qxe5 Bd6 12. Qe2 Qc7 13. h3 Bh2+ 14. Kh1 Bd6 15. Ne4 Nxe4 16. Bxe4 c5 17. Bxb7 Qxb7 18. Re1 0-0 19. Qe4 Qxe4 20. Rxe4 Rfd8 21. Re1 Rab8 22. b3 Be7 23. Bb2 Rd2 24. Rac1 Rbd8 25. Kg1 Bg5 26. Bc3 R2d5 27. Rb1 Bd2 28. Bxd2 Rxd2 29. Rbc1 Rc8 30. Red1 Rxd1+ 31. Rxd1 Kf8 32. c4 Ke7 33. Kf1 Rd8 34. Rxd8 Kxd8 1/2-1/2

[Event "Concepcion Henriquez Memorial"]
[Site "Concepcion"]
[Date "2021.09.12"]
[Round "3"]
[White "Mundaca Bermedo, Pia Ignacia"]
[Black "Munoz Apolonio, Carlos David"]
[Result "0-1"]
[WhiteElo "1483"]
[BlackElo "1647"]
[PlyCount "48"]
[EventDate "2021.09.08"]
[EventType "tourn"]
[EventRounds "9"]
[EventCountry "CHI"]
[SourceTitle "EXT 2023"]
[Source "ChessBase"]
[SourceDate "2022.10.05"]
[SourceVersion "1"]
[SourceVersionDate "2022.10.05"]
[SourceQuality "1"]

1. e4 c5 2. Nf3 d6 3. d4 cxd4 4. Nxd4 Nf6 5. Nc3 a6 6. f3 e6 7. Be3 b5 8. Qd2 Nbd7 9. g4 Nb6 10. Be2 Bb7 11. Nb3 Rc8 12. h4 Nfd7 13. h5 b4 14. Nd1 d5 15. Na5 Qc7 16. Nf2 dxe4 17. Nxb7 Qxb7 18. Nxe4 Nd5 19. Bf2 Nc5 20. Bd4 Nxe4 21. fxe4 Nf6 22. Bxf6 gxf6 23. Qd3 Bh6 24. Rf1 Ke7 0-1

[Event "Concepcion Henriquez Memorial"]
[Site "Concepcion"]
[Date "2021.09.10"]
[Round "2"]
[White "Salgado Moscozo, Heraldo"]
[Black "Mundaca Bermedo, Pia Ignacia"]
[Result "1-0"]
[WhiteElo "2006"]
[BlackElo "1483"]
[PlyCount "67"]
[EventDate "2021.09.08"]
[EventType "tourn"]
[EventRounds "9"]
[EventCountry "CHI"]
[SourceTitle "EXT 2023"]
[Source "ChessBase"]
[SourceDate "2022.10.05"]
[SourceVersion "1"]
[SourceVersionDate "2022.10.05"]
[SourceQuality "1"]

1. d4 Nf6 2. c4 c5 3. d5 e6 4. Nc3 exd5 5. cxd5 d6 6. e4 a6 7. a4 g6 8. f4 Bg4 9. Nf3 Nbd7 10. Be2 Bxf3 11. Bxf3 Bg7 12. 0-0 0-0 13. Re1 Re8 14. Ra3 Rb8 15. Rb3 Qc7 16. Be3 Nf8 17. Bf2 N6d7 18. e5 dxe5 19. d6 Qa5 20. Rxb7 Rxb7 21. Bxb7 Rb8 22. Qf3 Qb6 23. Bd5 Qxd6 24. fxe5 Qe7 25. Qe2 Qxe5 26. Qxa6 Qg5 27. Bxf7+ Kxf7 28. Qc4+ Ne6 29. Qxe6+ Kf8 30. Qxd7 Rd8 31. Qe6 Bxc3 32. bxc3 h5 33. Be3 Qh4 34. Bh6# 1-0

[Event "South America-ch U12 Girls 16th"]
[Site "Buenos Aires"]
[Date "2019.12.05"]
[Round "7.3"]
[White "Arce, Valeria"]
[Black "Mundaca Bermedo, Pia Ignacia"]
[Result "0-1"]
[WhiteElo "1315"]
[BlackElo "1578"]
[PlyCount "94"]
[EventDate "2019.12.01"]
[EventType "swiss"]
[EventRounds "9"]
[EventCountry "ARG"]
[SourceTitle "EXT 2024"]
[Source "ChessBase"]
[SourceDate "2023.10.10"]
[SourceVersion "1"]
[SourceVersionDate "2023.10.10"]
[SourceQuality "1"]

1. d4 Nf6 2. c4 g6 3. Nc3 Bg7 4. e4 d6 5. Be2 0-0 6. Nf3 Bg4 7. Bg5 Nfd7 8. 0-0 h6 9. Bh4 g5 10. Bg3 Bxf3 11. Bxf3 e5 12. d5 a5 13. Bg4 Nc5 14. Bf5 Nbd7 15. Qe2 Nb6 16. b3 Nc8 17. Qg4 Ne7 18. Nd1 Nd3 19. Ne3 Nf4 20. h4 Neg6 21. h5 Ne7 22. Rad1 c6 23. Bh2 cxd5 24. cxd5 b5 25. g3 Qc7 26. gxf4 exf4 27. Rc1 Qb6 28. Ng2 Qd4 29. Kh1 Qd2 30. Nxf4 Qxa2 31. Nh3 Qxb3 32. Nxg5 hxg5 33. Qxg5 Qf3+ 34. Kg1 Nxf5 35. exf5 Kh7 36. Bf4 Rg8 37. Kh2 Rae8 38. Rg1 Qxf4+ 39. Qxf4 Be5 40. Qxe5 Rxe5 41. Rxg8 Kxg8 42. Rg1+ Kh7 43. Rg5 a4 44. Rg4 Rxf5 45. Kg2 a3 46. Rh4 a2 47. Rh1 b4 0-1

[Event "CHI-ch (Women)"]
[Site "Rancagua"]
[Date "2019.10.10"]
[Round "1.3"]
[White "Mundaca Bermedo, Pia Ignacia"]
[Black "Fuentealba Acuna, Violeta"]
[Result "1-0"]
[WhiteElo "1578"]
[BlackElo "877"]
[PlyCount "37"]
[EventDate "2019.10.10"]
[EventType "swiss"]
[EventRounds "7"]
[EventCountry "CHI"]
[SourceTitle "EXT 2024"]
[Source "ChessBase"]
[SourceDate "2023.10.10"]
[SourceVersion "1"]
[SourceVersionDate "2023.10.10"]
[SourceQuality "1"]

1. e4 e5 2. Nf3 Nc6 3. d4 exd4 4. Nxd4 Nxd4 5. Qxd4 d6 6. Bc4 Nf6 7. Nc3 g6 8. Bg5 Be7 9. Nd5 c5 10. Nxf6+ Bxf6 11. Qxf6 Qxf6 12. Bxf6 Rg8 13. 0-0-0 Bd7 14. Rxd6 b5 15. Be2 g5 16. Rhd1 Rg6 17. e5 Rxf6 18. exf6 Rc8 19. Rxd7 1-0

[Event "CHI-ch (Women)"]
[Site "Rancagua"]
[Date "2019.10.10"]
[Round "3.3"]
[White "Mundaca Bermedo, Pia Ignacia"]
[Black "Kaempfe Fuentes, Catalina"]
[Result "1-0"]
[WhiteElo "1578"]
[BlackElo "1062"]
[PlyCount "61"]
[EventDate "2019.10.10"]
[EventType "swiss"]
[EventRounds "7"]
[EventCountry "CHI"]
[SourceTitle "EXT 2024"]
[Source "ChessBase"]
[SourceDate "2023.10.10"]
[SourceVersion "1"]
[SourceVersionDate "2023.10.10"]
[SourceQuality "1"]

1. e4 e5 2. Nf3 Nc6 3. d4 exd4 4. Nxd4 Nf6 5. Nc3 Bc5 6. Nb3 Bb6 7. Bd3 d6 8. h3 h6 9. 0-0 0-0 10. Bf4 Re8 11. Re1 Bd7 12. Bf1 Ne5 13. Nd4 Ng6 14. Bh2 Ba5 15. Qd3 Bc6 16. Nxc6 bxc6 17. a3 c5 18. Rab1 Rb8 19. f3 Bxc3 20. Qxc3 Qd7 21. Qa5 c6 22. Red1 Re6 23. Bc4 Rbe8 24. Rxd6 Qb7 25. Qxc5 Rc8 26. Qd4 c5 27. Qc3 Rc6 28. Rxc6 Qxc6 29. Qb3 Re7 30. Qb8+ Nf8 31. Bd5 1-0

[Event "Pan American-ch U12 Girls"]
[Site "Guayaquil"]
[Date "2019.07.21"]
[Round "1"]
[White "Mayeregger Gonzalez, Renata Valentina"]
[Black "Mundaca Bermedo, Pia Ignacia"]
[Result "1-0"]
[WhiteElo "1020"]
[BlackElo "1445"]
[PlyCount "87"]
[EventDate "2019.07.21"]
[EventType "swiss"]
[EventRounds "9"]
[EventCountry "ECU"]
[SourceTitle "EXT 2020"]
[Source "ChessBase"]
[SourceDate "2019.10.17"]
[SourceVersion "1"]
[SourceVersionDate "2019.10.17"]
[SourceQuality "1"]

1. e4 c5 2. Nf3 e6 3. d3 d5 4. g3 Nc6 5. Bg2 Nf6 6. Nc3 Be7 7. 0-0 0-0 8. b3 a6 9. Bb2 b5 10. a3 Bb7 11. Ne2 dxe4 12. dxe4 Nxe4 13. Qxd8 Rfxd8 14. Rfd1 Rac8 15. Nc3 Bf6 16. Nxe4 Bxb2 17. Rab1 Bxa3 18. Nd6 Nd4 19. Nxb7 Rd7 20. Nxd4 cxd4 21. Rd2 e5 22. Bh3 Rdc7 23. Bxc8 Rxc8 24. b4 Rc4 25. Re2 f6 26. Ra1 Bxb4 27. Rxa6 Bf8 28. Nd6 Rc5 29. f4 Rd5 30. fxe5 fxe5 31. Nf5 e4 32. Nh4 d3 33. cxd3 exd3 34. Rd2 b4 35. Nf3 Bc5+ 36. Kg2 Be3 37. Rxd3 Rxd3 38. Ra8+ Kf7 39. Ne5+ Kf6 40. Nxd3 b3 41. Rb8 Ke6 42. Rxb3 Kd5 43. Nf4+ Kc4 44. Rxe3 1-0

[Event "Santa Rosa Region (Women)"]
[Site "Santa Rosa"]
[Date "2019.05.11"]
[Round "3.3"]
[White "Aguilera Merlet, Melisa Paz"]
[Black "Mundaca Bermedo, Pia Ignacia"]
[Result "0-1"]
[WhiteElo "1748"]
[BlackElo "1281"]
[PlyCount "172"]
[EventDate "2019.05.11"]
[EventType "swiss"]
[EventRounds "6"]
[EventCountry "CHI"]
[SourceTitle "EXT 2024"]
[Source "ChessBase"]
[SourceDate "2023.10.10"]
[SourceVersion "1"]
[SourceVersionDate "2023.10.10"]
[SourceQuality "1"]

1. e4 c5 2. Nf3 e6 3. d4 cxd4 4. Nxd4 a6 5. Nc3 Qc7 6. a3 Nf6 7. Be3 Be7 8. f3 0-0 9. Qd2 d6 10. g4 h6 11. h4 h5 12. gxh5 Nxh5 13. Bh6 Re8 14. Qg2 Nd7 15. 0-0-0 b5 16. Rg1 Bf8 17. Qg5 Ndf6 18. Be2 Kh7 19. e5 gxh6 20. Qg2 dxe5 21. Bd3+ Kh8 22. Nde2 Bg7 23. Ne4 Rg8 24. Nxf6 Nxf6 25. Qf2 Bb7 26. Ng3 Rac8 27. Ne4 Nd5 28. Qd2 Nf4 29. Rg3 Rcd8 30. Qe3 Rxd3 31. Rxd3 Nxd3+ 32. Qxd3 Bxe4 33. fxe4 h5 34. Kb1 Qe7 35. Rg5 Bh6 36. Rxh5 Kh7 37. Rxe5 Qxh4 38. Rc5 Qe1+ 39. Ka2 Qe3 40. Qd6 Bg7 41. Qh2+ Bh6 42. Qc7 Qxe4 43. Qxf7+ Rg7 44. Qh5 Qg6 45. Qe2 Qg4 46. Qd3+ Qg6 47. Qe2 Qf7 48. Qd3+ Kh8 49. Re5 Rg5 50. Qd8+ Rg8 51. Qd4 Re8 52. Qh4 Qg7 53. Rh5 Kh7 54. Rc5 e5 55. Qe4+ Qg6 56. Rc7+ Bg7 57. Qh1+ Kg8 58. Qd5+ Qe6 59. Qxe6+ Rxe6 60. Rc3 e4 61. Re3 Bh6 62. Re2 e3 63. Kb3 Rd6 64. Re1 Rd2 65. Kc3 e2 66. b3 Kf7 67. b4 Kf6 68. Kb3 Be3 69. Kc3 Kf5 70. Rxe2 Rxe2 71. Kd3 Rd2+ 72. Kxe3 Rxc2 73. Kd4 Kf4 74. Kd5 Rc3 75. Kd4 Rxa3 76. Kc5 Ra4 77. Kb6 Rxb4 78. Kxa6 Rb1 79. Ka5 Ke4 80. Kb6 b4 81. Kb5 b3 82. Kb4 Kd3 83. Ka3 Kc2 84. Ka4 Ra1+ 85. Kb4 b2 86. Kc4 b1Q 0-1

[Event "Santiago Region-ch (Women) 4th"]
[Site "Santiago de Chile"]
[Date "2018.09.29"]
[Round "3.3"]
[White "Figueroa Bernal, Julia Dennis Paloma"]
[Black "Mundaca Bermedo, Pia Ignacia"]
[Result "1-0"]
[WhiteElo "1650"]
[BlackElo "1328"]
[PlyCount "73"]
[EventDate "2018.09.29"]
[EventType "swiss"]
[EventRounds "6"]
[EventCountry "CHI"]
[SourceTitle "EXT 2024"]
[Source "ChessBase"]
[SourceDate "2023.10.10"]
[SourceVersion "1"]
[SourceVersionDate "2023.10.10"]
[SourceQuality "1"]

1. b3 c5 2. Bb2 e6 3. d3 Nf6 4. Nd2 d5 5. e3 Be7 6. Ngf3 0-0 7. c4 Nc6 8. a3 d4 9. exd4 cxd4 10. b4 Qc7 11. b5 Na5 12. Bxd4 Rd8 13. Be2 b6 14. 0-0 Bb7 15. Bc3 Rac8 16. Qa4 Ba8 17. Rfd1 Qb8 18. Bxa5 bxa5 19. Qxa5 Bc5 20. Nb3 Bb6 21. Qb4 Bc7 22. h3 e5 23. a4 a6 24. a5 Bd6 25. Qa4 axb5 26. cxb5 Rc2 27. Nbd2 Rdc8 28. Bf1 e4 29. Nxe4 Nxe4 30. dxe4 Bxe4 31. Qxe4 Qa7 32. b6 Qb8 33. Bd3 R2c3 34. Qxh7+ Kf8 35. Re1 f6 36. Bg6 Be7 37. Qh8# 1-0

[Event "Lebu op 7th"]
[Site "Lebu"]
[Date "2018.03.31"]
[Round "3.10"]
[White "Mundaca Bermedo, Pia Ignacia"]
[Black "Figueroa Bernal, Julia Dennis Paloma"]
[Result "0-1"]
[WhiteElo "1357"]
[BlackElo "1683"]
[PlyCount "78"]
[EventDate "2018.03.30"]
[EventType "swiss"]
[EventRounds "5"]
[EventCountry "CHI"]
[SourceTitle "EXT 2024"]
[Source "ChessBase"]
[SourceDate "2023.10.10"]
[SourceVersion "1"]
[SourceVersionDate "2023.10.10"]
[SourceQuality "1"]

1. Nf3 c5 2. g3 e6 3. Bg2 d5 4. d3 Nc6 5. 0-0 Bd6 6. Nbd2 Nf6 7. e4 0-0 8. Re1 Bc7 9. Qe2 Re8 10. Nf1 h6 11. h4 b6 12. N1h2 Ba6 13. c4 dxe4 14. dxe4 Nd4 15. Nxd4 Qxd4 16. Bf1 e5 17. Rb1 Bb7 18. Bg2 Rad8 19. Bxh6 Ba6 20. Rbc1 gxh6 21. Red1 Bxc4 22. Qc2 Bd3 23. Qd2 Nxe4 24. Bxe4 Qxe4 25. Qxh6 Qg6 26. Qe3 e4 27. Rc3 Be5 28. Ra3 Bd4 29. Qe1 Qxg3+ 30. Kh1 Qxf2 31. Qxf2 Bxf2 32. Ng4 Bd4 33. Rxa7 Be2 34. Rxd4 cxd4 35. Nf6+ Kf8 36. Nxe8 Rxe8 37. Rd7 d3 38. Kg2 e3 39. b3 d2 0-1

[Event "Lebu op 7th"]
[Site "Lebu"]
[Date "2018.03.30"]
[Round "1.7"]
[White "Gomez Barrera, Javiera Belen"]
[Black "Mundaca Bermedo, Pia Ignacia"]
[Result "1-0"]
[WhiteElo "2152"]
[BlackElo "1357"]
[PlyCount "45"]
[EventDate "2018.03.30"]
[EventType "swiss"]
[EventRounds "5"]
[EventCountry "CHI"]
[SourceTitle "EXT 2024"]
[Source "ChessBase"]
[SourceDate "2023.10.10"]
[SourceVersion "1"]
[SourceVersionDate "2023.10.10"]
[SourceQuality "1"]

1. e4 c5 2. Nf3 e6 3. d4 cxd4 4. Nxd4 a6 5. Bd3 Bc5 6. Nb3 Ba7 7. c4 d6 8. Nc3 Nf6 9. Qe2 0-0 10. 0-0 Nbd7 11. Be3 Bb8 12. f4 Qc7 13. Rae1 b6 14. Rf3 Nc5 15. Nxc5 bxc5 16. Bd2 Bb7 17. Rh3 e5 18. f5 h6 19. Qf2 Qe7 20. Qh4 Qd8 21. Bxh6 Nh7 22. Bg5 Qxg5 23. Qxh7# 1-0

[Event "Wch U10 Girls"]
[Site "Pocos de Caldas"]
[Date "2017.08.28"]
[Round "8"]
[White "Sanchez, Belen"]
[Black "Mundaca Bermedo, Pia Ignacia"]
[Result "1-0"]
[WhiteElo "1446"]
[BlackElo "1179"]
[PlyCount "155"]
[EventDate "2017.08.22"]
[EventType "swiss"]
[EventRounds "11"]
[EventCountry "BRA"]
[SourceTitle "CBM 180 Extra"]
[Source "ChessBase"]
[SourceDate "2017.10.06"]
[SourceVersion "1"]
[SourceVersionDate "2017.10.06"]
[SourceQuality "1"]

1. e4 e5 2. Nf3 Nc6 3. Bb5 a6 4. Ba4 Nf6 5. 0-0 Bc5 6. Re1 0-0 7. c3 d6 8. h3 Re8 9. d4 exd4 10. cxd4 Bb4 11. Bd2 b5 12. Bc2 Bxd2 13. Nbxd2 Nb4 14. Bb3 Bb7 15. a3 Nd3 16. Re3 Nxb2 17. Qb1 Na4 18. Bxa4 bxa4 19. Qxb7 Nh5 20. Qd5 Nf4 21. Qg5 Qxg5 22. Nxg5 h6 23. Ngf3 Ne6 24. Rc1 Rac8 25. Rc6 a5 26. Rec3 Nf4 27. Kf1 Re7 28. Ra6 Ne6 29. Rxa5 c6 30. Rxa4 Rec7 31. Rac4 Nd8 32. Nb3 Nb7 33. a4 Ra8 34. Rxc6 Rxc6 35. Rxc6 Rxa4 36. Rc8+ Kh7 37. Rc7 Nd8 38. Rd7 Ne6 39. Rxd6 Rb4 40. Nbd2 Nf4 41. d5 Ra4 42. Rb6 Ra1+ 43. Rb1 Rxb1+ 44. Nxb1 Kg6 45. d6 Kf6 46. e5+ Ke6 47. Nd4+ Kd7 48. Nc3 Nd3 49. Nf3 g5 50. g3 h5 51. Ke2 g4 52. Kxd3 gxf3 53. Ke3 f6 54. exf6 Kxd6 55. Ne4+ Ke6 56. Kxf3 Kf7 57. g4 hxg4+ 58. hxg4 Kg6 59. g5 Kf7 60. Ke3 Kg6 61. f4 Kf7 62. f5 Kf8 63. g6 Kg8 64. Kf4 Kf8 65. Kg5 Kg8 66. Kh6 Kf8 67. f7 Ke7 68. Kg7 Kd8 69. f8Q+ Kd7 70. Kf7 Kc6 71. Qd8 Kb7 72. Qd7+ Kb6 73. Ke6 Ka5 74. Qb7 Ka4 75. Kd5 Ka3 76. Kc4 Ka2 77. Kc3 Ka1 78. Qb2# 1-0